000 00364nam a2200157Ia 4500
008 230917s9999||||xx |||||||||||||| ||und||
020 _cRS7.5
040 _e189363
_aMAIN
041 _aEnglish
082 _a823.09 C324E
100 _aCecil, David
245 0 _aEarly Victorian novelists
260 _aLondon
_bCollin
_c1964
300 _a254 p.
942 _cBK
999 _c193148
_d193148